000 00912 a2200193 4500
003 Nust
005 20221118092051.0
040 _cNust
082 _a621.3747,REY
100 1 _aReyner, J.H.
_941552
245 _aCathode-ray oscillographs /
_cJ.H.Reyner
250 _a4th ed.
260 _aPitman
_bLondon
_c1951
300 _a199 p.
_b illus
_c20 cm
505 _aTypes of Oscillograph Tube (Page-1), The Oscillongraph Use (Page-15), Waveform Examination (Page-49), Deflection Amplifiers (Page-87), Frequency Response Curves (Page-107), Characteristic Measurements (Page-131), Frequency Comparison (Page-143), Radio Frequency Examinations (Page-150), Low Frequency Technique (Page-157), Special Time Bases (Page-166), Cathode Ray Photography (Page-178), Special Applications (Page-184), Index (Page-197).
600 _aReyner J.H.
_941552
650 _aCathode-ray oscillographs
_941553
942 _2ddc
_cBK
999 _c181183
_d181183